000 00562nam a2200217Ia 4500
003 OSt
005 20221007082306.0
006 a|||||r|||| 00| 0
007 ta
008 221006b |||||||| |||| 00| 0 eng d
024 _a20,920
037 _cTextual
040 _aFLL
_cFLL
_beng
041 _2eng
_aeng
082 _aZ2:2674, L5
100 _aRustam R. Au.
_9698976
245 0 _aLaw of literery and dramatic copyrights in a hut-shell
260 _c1975
942 _hZ2:2674, L5
_cTEXL
_2CC
999 _c1165949
_d1165949